| Tag |
First Indicator |
Second Indicator |
Subfields |
| LEADER |
00000cam a22000008a 4500 |
| 001 |
in00000008728 |
| 005 |
20151003090012.0 |
| 008 |
870527s1988 ilu b 00110 eng |
| 010 |
|
|
|a 87014971
|
| 020 |
|
|
|a 0226708969
|
| 035 |
|
|
|a (OCoLC)16088091
|
| 035 |
|
|
|9 AAA1130AM
|
| 040 |
|
|
|a DLC
|c DLC
|d m/c
|d TXA
|d UtOrBLW
|
| 043 |
|
|
|a n-us---
|
| 050 |
0 |
0 |
|a KF4541
|b .R45 1988
|
| 082 |
0 |
|
|a 323.44/09
|2 19
|
| 100 |
1 |
|
|a Reid, John Phillip.
|
| 245 |
1 |
4 |
|a The concept of liberty in the age of the American Revolution /
|c John Phillip Reid.
|
| 264 |
|
1 |
|a Chicago :
|b University of Chicago Press,
|c 1988.
|
| 300 |
|
|
|a viii, 224 pages
|
| 336 |
|
|
|a text
|b txt
|2 rdacontent
|
| 337 |
|
|
|a unmediated
|b n
|2 rdamedia
|
| 338 |
|
|
|a volume
|b nc
|2 rdacarrier
|
| 504 |
|
|
|a Bibliography: pages 125-161.
|
| 500 |
|
|
|a Includes index.
|
| 650 |
|
0 |
|a Constitutional history
|z United States.
|
| 650 |
|
0 |
|a Rule of law
|z United States
|x History.
|
| 650 |
|
0 |
|a Liberty
|x History.
|
| 999 |
|
|
|a MARS
|
| 999 |
f |
f |
|s 0377b7e5-7396-311b-b6fa-60d720631572
|i 0c2f359b-42af-3628-99ec-063e05413df1
|t 0
|
| 952 |
f |
f |
|p ric
|a Texas A&M University
|b Rellis Campus
|c Joint Library Facility
|d Remote Storage
|t 0
|e KF4541 .R45 1988
|h Library of Congress classification
|i unmediated -- volume
|m A14812564041
|
| 998 |
f |
f |
|a KF4541 .R45 1988
|t 0
|l Remote Storage
|